Pula/Pola City Districts - Statistics

General Stats
  • This quiz has been taken 5 times
  • The average score is 12 of 16
Answer Stats
Population Answer % Correct
5698 Veruda
100%
4686 Arena
80%
3148 Busoler (Bussoler)
80%
4422 Gregovica (Grega)
80%
3502 Monte Zaro
80%
6897 Šijana (Siana)
80%
1366 Štinjan (Stignano)
80%
1622 Stoja (Stoia)
80%
2944 Veli Vrh (Monte Grande)
80%
5883 Vidikovac (Monte Paradiso)
80%
2375 Monvidal
60%
2748 Nova Veruda (Nuova Veruda)
60%
4803 Stari Grad (Città Vecchia)
60%
7643 Sv, Polikarp-Sisplac (San Policarpo-Sisplazzo)
60%
2226 Valdebek (Valdebecco)
60%
5166 Kaštanjer (Castagner)
40%
No matching quizzes found
Score Distribution
Percent of People with Each Score
Percentile by Number Answered
Your Score History
You have not taken this quiz